Krátke cvičenia z matematiky pre 4. ročník základných škôl

Podrobná bibliografia
Hlavný autor: Dienerová, Eva (Autor)
Ďalší autori: Sivoková, Renáta (Ilustrátor)
Médium: Kniha
Jazyk:slovenčina
Fyzický popis:80 strán ilustrácie, tabuľky 24 cm
Vydavateľské údaje: Bratislave Ikar, a.s. - Príroda 2021
ISBN:9788055174112
Vydanie:Prvé vydanie
Predmet:

MARC

LEADER 00000cam a2200000 4500
001 vtls012053721
003 SK-MaSNL
005 20260302085427.0
008 210624s2021 xo a brfp 000 0 slo
015 |a SNBA2021 
020 |a 9788055174112  |q (brožované) 
040 |a SNK  |b slo  |c SNK  |e rda 
041 0 |a slo 
044 |a xo  |c SK 
072 7 |a 51  |x Matematika  |2 konspekt 
080 |a 51  |2 2011 
080 |a 373.3.016  |2 2011 
080 |a (075.2)  |2 2011 
080 |a (076.2)  |2 2011 
080 |a (076.1)  |2 2011 
100 1 |a Dienerová, Eva  |4 aut  |9 214886 
245 1 0 |a Krátke cvičenia z matematiky pre 4. ročník základných škôl  |c Eva Dienerová 
250 |a Prvé vydanie 
264 1 |a Bratislave  |b Ikar, a.s. - Príroda  |c 2021 
300 |a 80 strán  |b ilustrácie, tabuľky  |c 24 cm 
336 |a text  |b txt  |2 rdacontent 
337 |a bez média  |b n  |2 rdamedia 
338 |a zväzok  |b nc  |2 rdacarrier 
650 0 7 |a matematika  |2 SNKPH  |9 70174 
650 0 7 |a učivo základných škôl  |2 SNKPH  |9 63300 
650 0 7 |a Mathematics  |2 SNKPHeng  |9 265620 
650 0 7 |a Elementary school curriculum  |2 SNKPHeng  |9 306214 
655 7 |a učebnice základných škôl  |2 SNKPH  |9 70187 
655 7 |a cvičebnice  |2 SNKPH  |9 60803 
655 7 |a pracovné zošity  |2 SNKPH  |9 70188 
655 7 |a Textbooks (elementary)  |2 SNKPHeng  |9 276977 
655 7 |a Activity books  |2 SNKPHeng  |9 302885 
700 1 |a Sivoková, Renáta  |4 ill  |9 75841 
919 |a 978-80-551-7411-2 
999 |c 1192099  |d 1194029 
952 |a SNK  |b SNK  |y PREZ  |7 0  |p 17A1453236  |o snkSC 192590  |i snk2021/4657  |8 0  |0 0  |1 0  |4 0  |d 2021-05-14  |f 1  |l 0  |r 2025-10-09 00:00:00  |w 2026-02-24 
952 |a SNK  |b SNK  |y VYP  |7 0  |p 17A1453237  |o snkSC 192590 D1  |i snk2021/4658  |8 0  |0 0  |1 0  |4 0  |d 2021-05-14  |l 0  |r 2026-02-24 22:15:18  |w 2026-02-24